Statistics for NBA All-Stars By Letter - P

Click here to take the quiz!

General Stats

  • This quiz has been taken 67 times
    (44 since last reset)
  • The average score is 11 of 16

Answer Stats

Players Selections Last Teams % Correct
Paul Pierce82012Celtics
97%
Ricky Pierce11991Bucks
97%
Tony Parker62014Spurs
93%
Gary Payton92003SuperSonics
93%
Scottie Pippen71997Bulls
93%
Chris Paul102020Hornets-Clippers-Thunder
90%
Kristaps Porzingis12018Knicks
80%
Robert Parish91991Celtics
77%
Bob Pettit111965Hawks
77%
Jim Price11975Bucks
73%
Mark Price41994Cavaliers
73%
Terry Porter21993Trail Blazers
53%
Jim Paxson21984Trail Blazers
27%
Andy Phillip51955Warriors-Pistons
17%
Geoff Petrie21974Trail Blazers
13%
Jim Pollard41955Lakers
10%

Score Distribution

Percentile by Number Answered

Percent of People with Each Score

Your Score History

You have not taken this quiz since the last reset